| 000 | 00000nam##2200000za#4500 |
| 001 | 9.689258 |
| 003 | CaOODSP |
| 005 | 20210624231820 |
| 007 | cr ||||||||||| |
| 008 | 150407|2007||||xxc|||||o f|0| 0 eng|d |
| 020 | |a978-0-662-45027-6 |
| 040 | |aCaOODSP|beng |
| 043 | |an-cn--- |
| 086 | 1 |aH21-286/4-2007E-PDF |
| 110 | 1 |aCanada.|bHealth Canada. |bHealth Policy Branch. |
| 245 | 10|aPrimary Health Care Transition Fund. Information management and technology / |h[electronic resource]|cprepared by Denis J. Protti. |
| 246 | 3 |aSynthesis series on sharing insights |
| 260 | |aOttawa - Ontario : |bHealth Canada. |cMarch 2007. |
| 300 | |a44p.|breferences, table |
| 590 | |a11-17-Supp|b2011-09-12 |
| 720 | 1 |aProtti, Denis J. |
| 775 | 08|tFonds pour l'adaptation des soins de santé primaires. Gestion et technologie de l'information / |w(CaOODSP)9.633677 |
| 856 | 40|ahttp://publications.gc.ca|qPDF|s664 KB|uhttps://publications.gc.ca/collections/collection_2011/sc-hc/H21-286-4-2007-eng.pdf |
| 986 | |aHC Pub.: 1252 |